书目信息 |
| 题名: |
大创业家
|
|
| 作者: | 克罗克 , 安德森 著 ;陈寅 译 | |
| 分册: | ||
| 出版信息: | 北京 中国经济出版社 2019 |
|
| 页数: | 13,265页 | |
| 开本: | 21cm | |
| 丛书名: | ||
| 单 册: | ||
| 中图分类: | K837.125.38 | |
| 科图分类: | ||
| 主题词: | ||
| 电子资源: | ||
| ISBN: | 978-7-5136-3650-6 | |
| 000 | 01174nam0 2200277 450 | |
| 001 | 2159553996 | |
| 005 | 20211011172912.0 | |
| 010 | @a978-7-5136-3650-6@dCNY58.00 | |
| 100 | @a20190731d2019 em y0chiy50 ea | |
| 101 | 1 | @achi@ceng |
| 102 | @aCN@b110000 | |
| 105 | @aa z 000ya | |
| 106 | @ar | |
| 200 | 1 | @a大创业家@Ada chuang ye jia@e麦当劳之父雷·克洛克自传@dGrinding it out@f(美)雷·克洛克(Ray Kroc),(美)罗伯特·安德森(Robert Anderson)著@g陈寅译@zeng |
| 210 | @a北京@c中国经济出版社@d2019 | |
| 215 | @a13,265页@c图,照片@d21cm | |
| 330 | @a本书不仅记录了克洛克艰苦卓绝的创业经历,更饱含着麦当劳60年长盛不衰的经营智慧和作者历久弥新的创业精神。全书共分16章,内容包括:初识麦当劳;打工生涯;第一桶金;创业艰辛等。 | |
| 510 | 1 | @aGrinding it out@zeng |
| 517 | 1 | @a麦当劳之父·克洛克自传@Amai dang lao zhi fu ke luo ke zi chuan |
| 600 | 0 | @a克洛克@Ake luo ke@c(Kroc, Ray@f1901-1984)@x自传 |
| 690 | @aK837.125.38@v5 | |
| 701 | 0 | @c(美)@a克罗克@Ake luo ke@c(Kroc, Ray@f1902-1984)@4著 |
| 701 | 0 | @c(美)@a安德森@Aan de sen@c(Anderson, Robert)@4著 |
| 702 | 0 | @a陈寅@Achen yin@4译 |
| 801 | 0 | @aCN@b百万庄@c20211011 |
| 905 | @b1308744-47@dK837.125.38@e1184@f4 | |
| 大创业家:麦当劳之父雷·克洛克自传=Grinding it out/(美)雷·克洛克(Ray Kroc),(美)罗伯特·安德森(Robert Anderson)著/陈寅译.-北京:中国经济出版社,2019 |
| 13,265页:图,照片;21cm |
| ISBN 978-7-5136-3650-6:CNY58.00 |
| 本书不仅记录了克洛克艰苦卓绝的创业经历,更饱含着麦当劳60年长盛不衰的经营智慧和作者历久弥新的创业精神。全书共分16章,内容包括:初识麦当劳;打工生涯;第一桶金;创业艰辛等。 |
| ● |
| 相关链接 |
|
|
|
|
正题名:大创业家
索取号:K837.125.38/1184
 
预约/预借
| 序号 | 登录号 | 条形码 | 馆藏地/架位号 | 状态 | 备注 |
| 1 | 1308744 | 213087443 | 第二样本阅览室/ [索取号:K837.125.38/1184] | 在馆 | |
| 2 | 1308745 | 213087452 | 第二借阅区/ [索取号:K837.125.38/1184] | 在馆 | |
| 3 | 1308746 | 213087461 | 第二借阅区/ [索取号:K837.125.38/1184] | 在馆 | |
| 4 | 1308747 | 213087470 | 第二借阅区/ [索取号:K837.125.38/1184] | 在馆 |